Une lettre suffit pour répondre juste #9 (attention 10 lettres tuent) - Statistiques

Statistiques générales
  • Ce quiz a été pris 84 fois
  • Le résultat moyen est 4 sur 6
Statistiques - réponses
Hint Réponse % Correct
Donne une des 5 lettres du mot qui au poker forme la réunion de cinq cartes de la même couleur FLUSH
100%
Donne une des 4 lettres des initiales sous lesquelles cet acteur est connu
JCVD
70%
Donne une des 3 lettres qui compose le nom de ce jeu vidéo
GTA
62%
Donne une des 2 lettres qui ensemble correspondent à ce symbole
PI
61%
Donne la lettre qui est entendu quand on prononce à haute voix le nom du Michael qui a réalisé notamment : Bad Boys (saga) Rock Armageddon Pearl Harbor The Island Transformers (saga) No Pain No Gain Ambulance B
39%
Donne la seule lettre qui correspond à une commune française du département de la Somme (nom de commune le plus court de France) Y
26%
Aucun quiz correspondant
Distribution des résultats
% des personnes avec chaque résultat
Percentile par nombre de réponses
Votre historique - résultats
Vous n’avez pas pris ce quiz